000 00319nam a22001337a 4500
008 170612b xxu||||| |||| 00| 0 eng d
020 _a9780446393607
041 _aeng
080 _a94
100 _a19
101 _aSHH
245 _aWHY EVERY AMERICAN EXECUTIVE MUST FIHT QUALITY
_cLAREAU.W
942 _2udc
_cBK
999 _c16822
_d16822